000 00284 a2200145 4500
001 181504
020 _a
040 _cMagnum
100 _aBraun, Veronica
240 1 0 _aExpressao
_lpor
245 1 0 _aExpressao
362 0 _a1899
697 _aMAGNITO: PARADIDATICO
942 _cBK
999 _c181504
_d181504